| 000 | 00443nam a2200157 i 4500 | ||
|---|---|---|---|
| 001 | 24193 | ||
| 003 | ES-MaACL | ||
| 005 | 20230906153015.0 | ||
| 007 | t| | ||
| 008 | 021216s1973 sp ||||1| spa d | ||
| 111 | 2 |
_aSemana de Actualizaciones Médicas ( _n2ª. _d1971. _cLeón) _9977 |
|
| 245 | 1 | 0 | _aAntibióticos. |
| 260 |
_aLeón : _bHospital General de León, _c[1973] |
||
| 300 |
_a204 p. : _bgrab. ; _c24 cm. |
||
| 852 |
_aES-MaACL _jC-53781 |
||
| 999 |
_c24193 _d24193 |
||